000 00668nam a2200193 i 4500
001 48316
003 ES-MaACL
005 20230906161731.0
007 t|
008 030725s1828 sp ||||1| spa d
100 1 _aFoppa, Giuseppe Maria (
_d1760-1845)
_9174592
245 1 3 _aLa dama selvage :
_bópera semi-seria en dos actos, que se ha de representar en el Teatro de la Cruz de esta Corte /
_c[Giuseppe Maria Foppa].
260 _aMadrid :
_b[s.n.],
_c1828 (
_fImp. de I. Sancha)
300 _a87 p. ;
_c15 cm.
500 _aSólo la letra.
546 _aTexto en italiano y español.
594 _aEncabezamiento tomado del ICCU
852 4 _aES-MaACL
_jT-737-F-2
999 _c48316
_d48316